=LDR 00000nam 2200000 4500 =001 INLIS000000000027329 =005 20231214071700 =035 ##$$a 0010-061300000027329 =008 231214###########################0###### =041 ##$$a Ind =082 ##$$a 155.4 =090 ##$$a 155.2, Hal t =100 ##$$a Somantri,T Sucihanti,Hj =245 1#$$a Psikologi anak luar biasa, Hj T Sucihati ; Editor, Rose herlina =260 ##$$a 2006 :$b Bandung =300 ##$$a xii,216 hlm, ilus, 22 cm =650 #4$$a Psikologi-Anak luar biasa =850 ##$$a NBPNMAT =084 ##$$a 155.4 SOM p =700 #$$a Herlina,Rose =990 ##$$a 21400282/BPAP-NTB/2014 =990 ##$$a 0001/BPAP-NTB/20142015